Mitalitaulukko Jalkapallon Euroopan-mestaruuskilpailut - Statistics

Yleistilastot
  • Tätä visaa on pelattu 94 kertaa
  • Keskiarvotulos 14 / 17
Vastaustilastot
Kultainen Hopea Ruskea Maa % Oikein
2 2 1 Italia
98%
3 3 3 Saksa
97%
2 1 2 Ranska
94%
4 1 1 Espanja
93%
0 2 2 Englanti
91%
1 1 3 Portugali
91%
1 0 5 Alankomaat
87%
0 0 1 Ruotsi
85%
1 0 2 Tanska
85%
1 3 1 Venäjä
82%
0 1 1 Belgia
80%
1 0 0 Kreikka
78%
1 1 3 Tšekki
78%
0 0 1 Unkari
70%
0 0 1 Turkki
69%
0 2 0 Serbia
62%
0 0 1 Wales
33%
Ehtoja vastaavia visoja ei löytynyt
Tulosjakauma
Jokaisen tuloksen saaneiden osuus
Persentiili vastausten määrän mukaan
Tuloshistoriasi
Et ole pelannut tätä visaa